[Event "24th ECC"]
[Site "Kallithea GRE"]
[Date "2008.10.23"]
[Round "7"]
[White "Lehtinen,H"]
[Black "Filipovic,SJ"]
[Result "1-0"]
[WhiteElo "2381"]
[BlackElo "2230"]

1.d4 Nf6 2.Nf3 g6 3.c4 Bg7 4.Nc3 d6 5.e4 O-O 6.Be2 e5 7.Be3 Na6 8.O-O h6
9.dxe5 Ng4 10.Bf4 Nxe5 11.Nd4 Nc5 12.Qd2 Kh7 13.f3 a5 14.b3 Bd7 15.Rad1 Re8
16.Be3 Bc6 17.Rfe1 Ned7 18.Bf1 Nf6 19.Nxc6 bxc6 20.Bxc5 dxc5 21.Na4 Qxd2
22.Rxd2 Rad8 23.Red1 Rxd2 24.Rxd2 Bf8 25.g3 Bd6 26.Bh3 Kg7 27.Kf1 Kf8 28.Re2 h5
29.Bg2 g5 30.Bh3 h4 31.gxh4 gxh4 32.Bg4 Nxg4 33.fxg4 f6 34.Kg2 Kg7 35.h3 Kg6
36.Kf3 Be5 37.Rd2 Bd4 38.Rd3 Kg5 39.Rd1 Kg6 40.Rd2 Kg5 41.Rd3 Kg6 42.Nc3 Ra8
43.Ne2 Be5 44.Nf4+ Bxf4 45.Kxf4 a4 46.a3 axb3 47.Rxb3 Ra4 48.Rc3 Ra8 49.e5 fxe5+
50.Kxe5 Re8+ 51.Kf4 Rf8+ 52.Ke3 Rf1 53.Kd2 Kf6 54.Re3 Rg1 55.Kd3 Rd1+ 56.Kc2 Rg1
57.a4 Rg2+ 58.Kc3 Ra2 59.Kb3 Rg2 60.a5 Rg3 61.Rc3 Ke5 62.a6 Kd4 63.a7 Rxc3+
64.Kb2 Rxh3 65.a8=Q Kxc4 66.Qg8+ Kb4 67.g5 Rg3 68.Qh7 Rg2+ 69.Kc1 c4 70.Qxh4 c5
71.Qf4 c6 72.Kd1 Ra2 73.Qb8+ Kc3 74.g6 Rb2 75.Qg3+ Kb4 76.g7 Rb1+ 77.Kc2  1-0

[Event "24th ECC"]
[Site "Kallithea GRE"]
[Date "2008.10.23"]
[Round "7"]
[White "Andonovski,L"]
[Black "Grigoryan,Av"]
[Result "0-1"]
[WhiteElo "2292"]
[BlackElo "2513"]

1.d4 Nf6 2.c4 g6 3.Nc3 Bg7 4.e4 d6 5.Nf3 O-O 6.Be2 e5 7.Be3 Na6 8.O-O Ng4
9.Bg5 Qe8 10.Re1 f6 11.Bc1 c6 12.Bf1 Nh6 13.h3 Nf7 14.Rb1 f5 15.exf5 gxf5
16.c5 e4 17.cxd6 Qd8 18.Ne5 Qxd6 19.Bf4 Nb4 20.g3 Nxe5 21.dxe5 Qxd1 22.Rbxd1 Be6
23.Rd6 Rfe8 24.g4 Nd3 25.Bxd3 exd3 26.Rxd3 fxg4 27.hxg4 Bxg4 28.Rg3 Bf5 29.Bh6 Bg6
30.Bxg7 Kxg7 31.f4 Rf8 32.Rg4 h5 33.Rh4 Rad8 34.Ne4 Bxe4 35.Rxe4 Kg6 36.Re2 a5
37.Kf2 Rd3 38.e6 Rd5 39.e7 Re8 40.Rh3 Rd4 41.Rb3 Rxf4+ 42.Kg3 Rg4+ 43.Kh3 Rb4
44.Rf3 Kg7 45.Rf5 a4 46.Rxh5 Rf4 47.Kg3 Rf6 48.Ra5 b5 49.Ra7 Kf7 50.Rc7 Rg8+  0-1

[Event "24th ECC"]
[Site "Kallithea GRE"]
[Date "2008.10.23"]
[Round "7"]
[White "Wiersma,E"]
[Black "Van Wely,L"]
[Result "1/2-1/2"]
[WhiteElo "2414"]
[BlackElo "2618"]

1.d4 Nf6 2.c4 g6 3.Nc3 Bg7 4.e4 d6 5.Nf3 O-O 6.Be2 Na6 7.O-O e5 8.Be3 Ng4
9.Bg5 Qe8 10.Re1 h6 11.Bh4 Kh8 12.dxe5 Nxe5 13.Nd4 Nc5 14.Nd5 Qd7 15.f4 Ned3
16.Bxd3 Bxd4+ 17.Kh1 c6 18.Nc3 Bg7 19.Bc2 Re8 20.Qd2  1/2-1/2

[Event "Grand Prix CCAS"]
[Site "Cap D'Agde FRA"]
[Date "2008.10.25"]
[Round "1"]
[White "Gordon,S"]
[Black "Villegas,P"]
[Result "1-0"]
[WhiteElo "2521"]
[BlackElo "2137"]

1.d4 Nf6 2.c4 g6 3.Nc3 Bg7 4.e4 d6 5.Nf3 O-O 6.Be2 e5 7.Be3 Ng4 8.Bg5 f6
9.Bh4 g5 10.Bg3 Nh6 11.d5 Nd7 12.Nd2 f5 13.exf5 Nf6 14.Bd3 Bxf5 15.Qc2 Bxd3
16.Qxd3 Nh5 17.Nf1 Nf5 18.Ne3 Qd7 19.O-O-O Nf4 20.Qe4 Ng6 21.Kb1 a6 22.Rc1 Nd4
23.Rhe1 b6 24.h3 Ne7 25.Qg4 Qxg4 26.hxg4 Ng6 27.Red1 Nf4 28.Rd2 h5 29.gxh5 Nxh5
30.Ne4 Nf5 31.Nxf5 Rxf5 32.Rh1 Nf6 33.Re2 Nxe4 34.Rxe4 Kf7 35.Kc2 Kg6 36.f3 Rff8
37.Kd3 Rh8 38.Rc1 Bf6 39.a3 a5 40.b3 Kf7 41.Rg4 Ke7 42.Ke4 Kd7 43.Kf5 Be7
44.Re4 Raf8+ 45.Kg4 Ke8 46.Ree1 Rhg8 47.Rh1 Rf4+ 48.Bxf4 gxf4+ 49.Kf5 Rxg2
50.Rcg1  1-0

[Event "Open A"]
[Site "Le Touquet FRA"]
[Date "2008.10.25"]
[Round "1"]
[White "Nijs,N"]
[Black "Benson,O"]
[Result "1-0"]
[WhiteElo "2228"]
[BlackElo "1910"]

1.d4 Nf6 2.c4 g6 3.Nc3 Bg7 4.e4 O-O 5.Be2 d6 6.Be3 e5 7.Nf3 Nc6 8.d5 Ne7
9.Nd2 Nd7 10.b4 f5 11.f3 f4 12.Bf2 g5 13.c5 Nf6 14.Rc1 a6 15.cxd6 cxd6 16.a4 Ng6
17.Nc4 h5 18.b5 g4 19.Nb6 Rb8 20.Nxc8 Qxc8 21.O-O g3 22.hxg3 fxg3 23.Bxg3 h4
24.Bf2 Bh6 25.Rc2 Nh5 26.f4 Nhxf4 27.Bg4 Qc4 28.Be6+ Nxe6 29.dxe6 Qc8 30.e7 Nxe7
31.Nd5 Nxd5 32.Qxd5+ Kh8 33.Rc4 Qg4 34.Qxd6 Qg5 35.Rc5 Rbc8 36.Bd4  1-0

[Event "LiraH Autumn"]
[Site "Lichtenrade GER"]
[Date "2008.10.26"]
[Round "9"]
[White "Behrmann,J"]
[Black "Jaeger,A"]
[Result "1-0"]
[WhiteElo "2204"]
[BlackElo "2028"]

1.d4 Nf6 2.c4 d6 3.Nc3 g6 4.e4 Bg7 5.Nf3 O-O 6.Be2 e5 7.d5 a5 8.h3 Na6 9.Bg5 h6
10.Be3 Nc5 11.Nd2 Bd7 12.Qc2 a4 13.O-O Nh7 14.b4 axb3 15.axb3 Rxa1 16.Rxa1 f5
17.f3 f4 18.Bf2 g5 19.b4 Na6 20.c5 h5 21.c6 g4 22.hxg4 hxg4 23.fxg4 Nxb4
24.Qb3 Nd3 25.Bxd3 Bxg4 26.cxb7 Qg5 27.Ra8 Bh3 28.Bf1 Qg4 29.Rxf8+ Bxf8 30.Nf3 Bxg2
31.Bxg2 Ng5 32.Nxg5 Qxg5 33.Ne2  1-0

[Event "WYCC Boys U18"]
[Site "Vung Tau City VIE"]
[Date "2008.10.26"]
[Round "7"]
[White "Kulakov,V"]
[Black "Can,E"]
[Result "1/2-1/2"]
[WhiteElo "2377"]
[BlackElo "2464"]

1.d4 Nf6 2.c4 g6 3.Nc3 Bg7 4.e4 d6 5.Be2 O-O 6.Nf3 e5 7.dxe5 dxe5 8.Qxd8 Rxd8
9.Bg5 Rf8 10.Nd5 Nxd5 11.cxd5 c6 12.Bc4 b5 13.Bb3 Bb7 14.Rc1 Rc8 15.Be3 h6
16.Ke2 Nd7 17.dxc6 Bxc6 18.Rhd1 Nb6 19.Nd2 Rab8 20.Rc2 Be8 21.Rdc1 Bf8 22.Nf3 Bg7
23.Rc7 Rxc7 24.Rxc7 a5 25.Bxb6 Rxb6 26.Bd5 Kf8 27.Ne1 Bf6 28.Nd3 Rd6 29.Ra7 a4
30.b3 axb3 31.axb3 Rd8 32.g3 Rc8 33.Kd2 Bg5+ 34.Kd1 Bf6 35.Kd2 Bg5+ 36.Kd1 Bf6
37.Ra6 Kg7 38.b4 Rc7 39.Kd2 Be7 40.f3 Bd7 41.Ke3 Bg5+ 42.f4 exf4+ 43.gxf4 Bf6
44.Rb6 Bc3 45.Bb7 Rc4 46.Rd6 Be6 47.Bd5 Bd4+ 48.Kd2 Bc3+ 49.Ke3 Bd4+ 50.Kd2 Bc3+
51.Ke3 Bd4+  1/2-1/2

[Event "Grand Prix CCAS"]
[Site "Cap D'Agde FRA"]
[Date "2008.10.27"]
[Round "4"]
[White "Grandadam,P"]
[Black "Manoeuvre,A"]
[Result "1-0"]
[WhiteElo "2030"]
[BlackElo "2139"]

1.Nf3 Nf6 2.c4 g6 3.Nc3 Bg7 4.e4 d6 5.d4 O-O 6.Be2 e5 7.O-O exd4 8.Nxd4 Re8
9.f3 c6 10.Nc2 Nh5 11.Be3 f5 12.Qd2 Qh4 13.Bg5  1-0

[Event "Grand Prix CCAS"]
[Site "Cap D'Agde FRA"]
[Date "2008.10.27"]
[Round "4"]
[White "Pozdnjakov,V"]
[Black "Libiszewski,F"]
[Result "1/2-1/2"]
[WhiteElo "2222"]
[BlackElo "2487"]

1.d4 Nf6 2.Nf3 g6 3.c4 Bg7 4.Nc3 O-O 5.e4 d6 6.Be2 e5 7.O-O Nbd7 8.Qc2 exd4
9.Nxd4 c6 10.Rd1 Qc7 11.Bf4 Ne5 12.Rac1 Re8 13.Qd2 Qe7 14.Nc2 Rd8 15.Bg5 Be6
16.b3 Qc7 17.f4 Qb6+ 18.Qe3 Ned7 19.Qxb6 axb6 20.Rxd6 Ne8 21.Rd3 f6 22.Bh4 Bh6
23.Rf1 Nc5 24.Rxd8 Rxd8 25.Nb4 Bxf4 26.Rxf4 g5 27.Rf1  1/2-1/2

[Event "Vasylyshyn Mem"]
[Site "Lviv UKR"]
[Date "2008.10.27"]
[Round "10"]
[White "Leniart,A"]
[Black "Vovk,A"]
[Result "0-1"]
[WhiteElo "2368"]
[BlackElo "2488"]

1.d4 Nf6 2.c4 g6 3.Nc3 Bg7 4.e4 d6 5.Be2 O-O 6.Nf3 e5 7.O-O Na6 8.Be3 h6
9.dxe5 Ng4 10.Bd2 Nxe5 11.Nxe5 dxe5 12.Qc1 Qh4 13.g3 Qh3 14.Nd5 Kh7 15.c5 c6
16.Ne3 Nc7 17.f4 exf4 18.Rxf4 Qd7 19.Bc3 Ne6 20.Rh4 Nd4 21.Bg4 Qe7 22.e5 Bxg4
23.Bxd4 Be6 24.Nc4 Bxc4 25.Qxc4 Rad8 26.Re1 Rd5 27.e6 fxe6 28.Bxg7 Kxg7 29.b4 Rf6
30.Rhe4 Qd7 31.Qc3 Kf7 32.Rf1 Rxf1+ 33.Kxf1 Rf5+ 34.Rf4 Rxf4+ 35.gxf4 Qd5
36.Qh8 Qf3+ 37.Ke1 Qe4+ 38.Kd1 g5 39.fxg5 hxg5 40.a3 e5 41.Qb8 Qh1+ 42.Kc2 Qxh2+
43.Kb3 Qh3+ 44.Kb2 Qd7 45.Qxe5 Qd2+ 46.Kb1 Qf4 47.Qh8 Qf5+ 48.Kc1 g4 49.Qb8 Qd7
50.Kc2 a6 51.Kb3 Kg6 52.Qg8+ Kf5 53.Qf8+ Ke5 54.Qh8+ Ke4 55.Qh1+ Kf4 56.Qh6+ Kf5
57.Qh5+ Kf6 58.Qh6+ Ke5 59.Qh8+ Ke4 60.Qh1+ Ke3 61.Qh6+ Kf3 62.Qf6+ Ke4 63.Ka4 g3
64.Qg6+ Kf3 65.Qf6+ Kg2 66.Qd6 Qf5 67.Ka5 Qf3 68.Qd2+ Qf2 69.Qh6 Qd4 70.Kb6 Kf2
71.Qf8+ Ke2 72.Qe7+ Kd2 73.Qg5+ Qe3 74.Qg7 Qf2 75.Qb2+ Kd3 76.Qb1+ Kc3 77.Qc1+ Kb3  0-1

[Event "WYCC Boys U18"]
[Site "Vung Tau City VIE"]
[Date "2008.10.27"]
[Round "8"]
[White "Schiendorfer,E"]
[Black "Klimov,A"]
[Result "1-0"]
[WhiteElo "2240"]
[BlackElo "2451"]

1.d4 Nf6 2.c4 g6 3.Nc3 Bg7 4.e4 d6 5.Nf3 O-O 6.Be2 Na6 7.O-O e5 8.Be3 Ng4
9.Bg5 Qe8 10.c5 exd4 11.Nd5 h6 12.Bh4 g5 13.Bxa6 gxh4 14.Nxc7 Qc6 15.cxd6 bxa6
16.Rc1 Qxe4 17.Re1 Qb7 18.Nxa8 Qxa8 19.h3 Nf6 20.Nxd4 Bd7 21.Rc7 Rd8 22.Qc1 Nd5
23.Nc6 Bxc6 24.Rxc6 Nb4 25.Rc7 Qd5 26.Rd1 Nd3 27.Rc8 Qxd6 28.Rxd8+ Qxd8 29.Qd2  1-0

[Event "Open A"]
[Site "Le Touquet FRA"]
[Date "2008.10.28"]
[Round "5"]
[White "Steffenello,L"]
[Black "Osborne,S"]
[Result "1/2-1/2"]
[WhiteElo "2162"]
[BlackElo "2017"]

1.d4 Nf6 2.c4 g6 3.Nc3 Bg7 4.e4 d6 5.Be2 O-O 6.Nf3 e5 7.dxe5 dxe5 8.Qxd8 Rxd8
9.Bg5 Re8 10.Nd5 Nxd5 11.cxd5 c6 12.Bc4 cxd5 13.Bxd5 Nd7 14.Nd2 Nc5 15.Nc4 Bf8
16.O-O Be6 17.b3 Bxd5 18.exd5 b5 19.Na5 Ne4 20.Be3  1/2-1/2

[Event "WYCC Girls U16"]
[Site "Vung Tau City VIE"]
[Date "2008.10.28"]
[Round "9"]
[White "Thilaganathan,J"]
[Black "Trubitsyna,Y"]
[Result "1/2-1/2"]
[WhiteElo "1891"]
[BlackElo "1908"]

1.d4 Nf6 2.c4 g6 3.Nc3 Bg7 4.e4 d6 5.Nf3 O-O 6.Be2 e5 7.d5 Nbd7 8.Bg5 h6
9.Bh4 a5 10.Nd2 Nc5 11.O-O Qd7 12.b3 Ne8 13.f3 f5 14.a3 Qf7 15.b4 Nd7 16.Bf2 Ndf6
17.c5 f4 18.Nc4 g5 19.cxd6 cxd6 20.Nb5 Qe7 21.Qc2 Bd7 22.Nxa5 g4 23.fxg4 Bxg4
24.Bxg4 Nxg4 25.Qe2 Nxf2 26.Rxf2 Rc8 27.Re1 Kh8 28.Qg4 Nf6 29.Qe6 Qxe6 30.dxe6 Ne8
31.Nxb7 Rf6 32.N7xd6 Nxd6 33.Nxd6 Ra8 34.Rf3 Rxe6 35.Rd1 Bf8 36.Rfd3 Kg8
37.Nb5 Rc8 38.Nc3 Rc4 39.Re1 Kf7 40.Kf2 Kg6 41.Kf3 Ra6 42.Nd5 Rc2 43.Re2 Rc1
44.Ra2 Rf1+ 45.Ke2 Rb1 46.Rc3 Bxb4 47.Nxb4 Rxb4 48.axb4 Rxa2+ 49.Kf3 Rb2
50.Rc6+ Kg5 51.Re6 Rb3+ 52.Kf2 Rxb4 53.Rxe5+ Kf6 54.Rf5+ Ke6 55.Rxf4 Ke5
56.Kg3 Rb3+ 57.Rf3 Rb2 58.Rf2 Rb3+ 59.Rf3 Rb2 60.Rf2 Rb3+ 61.Rf3 Rb2  1/2-1/2

[Event "USCL 2008"]
[Site "ICC INT"]
[Date "2008.10.29"]
[Round "10"]
[White "Pruess,D"]
[Black "Lopez,B"]
[Result "1/2-1/2"]
[WhiteElo "2422"]
[BlackElo "2414"]

1.d4 Nf6 2.c4 g6 3.Nc3 Bg7 4.e4 d6 5.Nf3 O-O 6.Be2 e5 7.Be3 h6 8.O-O Ng4
9.Bc1 Nc6 10.d5 Ne7 11.Ne1 f5 12.Bxg4 fxg4 13.Be3 g5 14.c5 Ng6 15.a4 Rf7
16.b4 Bf8 17.Nc2 Nf4 18.Na3 h5 19.Nab5 a6 20.Na3 Qf6 21.Nc4 h4 22.cxd6 Bxd6
23.Bc5 Qh6 24.Rc1 Rh7 25.Ne3 g3 26.fxg3 hxg3 27.hxg3 Bxc5 28.bxc5 Nxg2 29.Nxg2 Qh2+
30.Kf2 Bh3 31.Ke3 Bxg2 32.Qg4 Bh3 33.Qf3 g4 34.Qf6 Qxg3+ 35.Kd2 Bxf1 36.Rxf1 Qh2+
37.Kd3 Rg7 38.Qe6+ Kh8 39.Rf6 Kh7 40.Qf5+ Kh8 41.Qe6 Kh7 42.Qf5+ Kh8 43.Qe6  1/2-1/2

[Event "TCh-CHN Torch Real Estate Cup"]
[Site "Jiangsu Wuxi CHN"]
[Date "2008.10.29"]
[Round "11"]
[White "Qiao Liang"]
[Black "Lu Yijie"]
[Result "1-0"]
[WhiteElo "2348"]
[BlackElo "2283"]

1.Nf3 Nf6 2.c4 g6 3.Nc3 Bg7 4.e4 d6 5.d4 O-O 6.Be2 e5 7.d5 a5 8.Be3 Na6 9.Nd2 Nd7
10.O-O f5 11.f3 f4 12.Bf2 g5 13.a3 c5 14.dxc6 bxc6 15.b4 c5 16.Nb3 axb4 17.axb4 Rb8
18.b5 Nc7 19.Qxd6 Rf6 20.Qd2 Ne6 21.Nxc5 Nd4 22.Nxd7 Qxd7 23.Nd5 Rh6 24.Bxd4 exd4
25.c5 d3 26.Qxd3 Qf7 27.h3 Rxb5 28.Qxb5 Bd4+ 29.Kh2 Qh5 30.Nf6+ Bxf6 31.Ra8  1-0

[Event "WYCC Girls U16"]
[Site "Vung Tau City VIE"]
[Date "2008.10.29"]
[Round "10"]
[White "Chan Wei Yi,V"]
[Black "Parmar,A"]
[Result "1-0"]
[WhiteElo "1902"]
[BlackElo "1974"]

1.d4 Nf6 2.c4 g6 3.Nc3 Bg7 4.e4 d6 5.Nf3 O-O 6.Be2 e5 7.dxe5 dxe5 8.Qxd8 Rxd8
9.Bg5 Re8 10.O-O-O Nbd7 11.Nb5 Rf8 12.Nxc7 Rb8 13.Nd5 Nxd5 14.cxd5 f6 15.Be3 a6
16.Nd2 b5 17.Nb3 Bb7 18.Kb1 f5 19.f3 Rfc8 20.Rc1 Bf8 21.Na5 Kf7 22.Ba7 Ra8
23.Nxb7 Rxc1+ 24.Rxc1 Rxa7 25.Rc7 Ke7 26.exf5 gxf5 27.Bd3  1-0

[Event "TCh-CHN Torch Real Estate Cup"]
[Site "Jiangsu Wuxi CHN"]
[Date "2008.10.30"]
[Round "12"]
[White "Zhao Xue"]
[Black "Gu Xiaobing"]
[Result "1-0"]
[WhiteElo "2523"]
[BlackElo "2225"]

1.d4 Nf6 2.c4 g6 3.Nc3 Bg7 4.e4 d6 5.Nf3 O-O 6.Be2 e5 7.O-O Na6 8.Be3 c6
9.dxe5 dxe5 10.Qxd8 Rxd8 11.h3 Re8 12.a3 Nh5 13.c5 f5 14.b4 Nf6 15.Rad1 Nc7
16.Bc1 a5 17.Rfe1 axb4 18.axb4 fxe4 19.Ng5 Nfd5 20.Ngxe4 Be6 21.Nxd5 Nxd5
22.b5 h6 23.Bc4 Nb4 24.Bxe6+ Rxe6 25.Rd7 cxb5 26.Rxb7 Nc2 27.Rd1 Nd4 28.Be3 Ree8
29.c6 Rab8 30.Rxb8 Rxb8 31.Bxd4 exd4 32.Nd6  1-0

[Event "WYCC Boys U16"]
[Site "Vung Tau City VIE"]
[Date "2008.10.30"]
[Round "11"]
[White "Kavinda,A"]
[Black "Chirita Mihaila,M"]
[Result "1-0"]
[WhiteElo "1984"]
[BlackElo "2091"]

1.Nf3 g6 2.d4 Bg7 3.c4 Nf6 4.Nc3 O-O 5.e4 d6 6.Be2 Nbd7 7.O-O e5 8.d5 Nc5
9.Nd2 a5 10.b3 Nfd7 11.a3 f5 12.f3 Nf6 13.Rb1 Ncd7 14.b4 b6 15.Na4 Qe7 16.Qc2 f4
17.c5 bxc5 18.bxc5 dxc5 19.Nb3 c4 20.Bxc4 Kh8 21.Bd2 Nb6 22.Bb5 Nxa4 23.Bxa4 Rf7
24.Bc6 Ra7 25.a4 Bf8 26.Rfc1 Nd7 27.Nxa5 Qc5+ 28.Qxc5 Bxc5+ 29.Kh1 Bd6 30.Nc4 Kg7
31.Nxd6 cxd6 32.Bb4 Nc5 33.Bxc5 dxc5 34.Rxc5 Kf6 35.Bb5 Bd7 36.h4 Bxb5 37.axb5 Rab7
38.Rc6+ Ke7 39.b6 Rf6 40.Kg1 Rd6 41.Kf1 Kd7 42.Rxd6+ Kxd6 43.Ke2 Kd7 44.Kd3 Kc8
45.Kc4  1-0

[Event "IX Rapid Open"]
[Site "El Sauzal ESP"]
[Date "2008.11.01"]
[Round "5"]
[White "Hernandez Leon,A"]
[Black "Barrio Pareja,E"]
[Result "1-0"]
[WhiteElo "2235"]
[BlackElo "2032"]

1.d4 Nf6 2.Nf3 g6 3.c4 Bg7 4.Nc3 O-O 5.e4 d6 6.Be2 e5 7.Be3 Ng4 8.Bg5 f6
9.Bc1 f5 10.Bg5 Qe8 11.dxe5 Nxe5 12.O-O h6 13.Be3 f4 14.Bd4 Nbc6 15.Nxe5 dxe5
16.Bc5 Rf7 17.Bg4 b6 18.Ba3 Nd4 19.Bxc8 Qxc8 20.f3 Bf8 21.Bxf8 Qxf8  1-0

[Event "TCh-NED 2008-9"]
[Site "Netherlands NED"]
[Date "2008.11.01"]
[Round "2"]
[White "Dambacher,M"]
[Black "Visser,Y"]
[Result "1/2-1/2"]
[WhiteElo "2485"]
[BlackElo "2483"]

1.d4 Nf6 2.c4 g6 3.Nc3 Bg7 4.e4 d6 5.Nf3 O-O 6.Be2 Na6 7.O-O e5 8.Be3 h6
9.Ne1 Qe8 10.d5 Nc5 11.f3 a5 12.Qd2 h5 13.Nd3 Nfd7 14.Nf2 Qe7 15.Rae1 Nf6
16.Bd1 Bd7 17.Bc2 Nh7 18.b3 Kh8 19.a3 f5 20.exf5 gxf5 21.f4 e4 22.Bd4 Bxd4
23.Qxd4+ Qg7 24.Qxg7+ Kxg7 25.Rb1 Nf6 26.Nfd1 Kf7 27.h3 Rg8 28.b4 axb4 29.axb4 Na4
30.Bxa4 Bxa4 31.Ne3 Bd7 32.Ra1 h4 33.Nc2 Nh5 34.Nd4 Kf6 35.Nde2 c6 36.Kf2 Kf7
37.Rfd1 cxd5 38.Nxd5 Be6 39.Ne3 Ke7 40.Rdc1 Rgc8 41.Ra5 Rxa5 42.bxa5 Rc5
43.Rb1 Rxa5 44.Rxb7+ Kf6 45.Rb6 Ra2 46.Ke1 Ra3 47.Nc2 Rd3 48.Ncd4 Nxf4 49.Rxd6 Nxe2
50.Rxe6+ Kf7 51.Nxe2  1/2-1/2

[Event "21st Belgrade Trophy"]
[Site "Obrenovac SRB"]
[Date "2008.11.01"]
[Round "5"]
[White "Ostojic,N1"]
[Black "Jovicic,R"]
[Result "1-0"]
[WhiteElo "2398"]
[BlackElo "2220"]

1.d4 Nf6 2.c4 g6 3.Nc3 Bg7 4.e4 O-O 5.Nf3 d6 6.Be2 e5 7.d5 a5 8.h3 Na6 9.Bg5 Qe8
10.g4 Nc5 11.Nd2 c6 12.Rg1 Bd7 13.Be3 cxd5 14.cxd5 Na4 15.g5 Nh5 16.Bxh5 gxh5
17.Nxa4 Bxa4 18.Qxh5 Rc8 19.Rg4 f5 20.Qxe8 Bxe8 21.exf5 Rxf5 22.Ne4 Rf3 23.Nxd6 Rxh3
24.Rg1 Rb8 25.Nxe8 Rxe8 26.O-O-O Kf7 27.Bb6 Ke7 28.Bxa5 Rh4 29.Rh1 Rc4+ 30.Kb1 Rh8
31.Rc1 Rxc1+ 32.Rxc1 Kd6 33.Rc7 Rg8 34.Rxb7 Kxd5 35.Bd2 e4 36.Be3 Kc6 37.Re7 Kd5
38.b3 Be5 39.Rxh7 Ke6 40.Rh1 Kf5 41.Rf1  1-0

[Event "21st Belgrade Trophy"]
[Site "Obrenovac SRB"]
[Date "2008.11.01"]
[Round "5"]
[White "Antic,De"]
[Black "Damjanovic,L"]
[Result "1-0"]
[WhiteElo "2489"]
[BlackElo "2166"]

1.d4 Nf6 2.c4 g6 3.Nc3 Bg7 4.e4 d6 5.Nf3 O-O 6.Be2 Na6 7.O-O e5 8.Be3 Ng4
9.Bg5 f6 10.Bh4 Qe8 11.Re1 g5 12.Bg3 Nh6 13.d5 Bd7 14.h4 g4 15.Nd2 Qg6 16.Bd3 Nf7
17.a3 Nc5 18.Bc2 a5 19.b4 axb4 20.axb4 Rxa1 21.Qxa1 Na6 22.Qa5 Bh6 23.Nf1 Bf4
24.c5 Qh6 25.Ne3 dxc5 26.bxc5 Ra8 27.Bb3 b6 28.cxb6 cxb6 29.Qxb6 Rb8 30.Qxa6 Bxe3
31.Rxe3 Rxb3 32.Qa7 Bc8 33.Qa4 Rb8 34.Qc6 Qf8 35.Qxf6 Ra8 36.Bxe5 Ra1+ 37.Kh2 Nxe5
38.Qxe5 Qxf2 39.Qg5+ Kf7 40.Ne2 Re1  1-0

[Event "TCh-BEL 2008-9"]
[Site "Belgium BEL"]
[Date "2008.11.02"]
[Round "3"]
[White "Michiels,R"]
[Black "Bertrem,S"]
[Result "1/2-1/2"]
[WhiteElo "2262"]
[BlackElo "2221"]

1.d4 Nf6 2.Nf3 g6 3.c4 Bg7 4.Nc3 d6 5.e4 O-O 6.Be2 e5 7.O-O Nbd7 8.Bg5 h6
9.Bh4 Re8 10.dxe5 dxe5 11.Ne1 c6 12.Nd3 Qb6 13.Bg3 Nc5 14.Nxc5 Qxc5 15.a3 a5
16.Qc2 Qa7 17.Rfd1 Bf8 18.Na4 Nd7 19.Qc3 Nc5 20.Nxc5 Qxc5 21.b4 Qe7 22.c5 axb4
23.axb4 Rxa1 24.Qxa1 h5 25.f3 Qg5 26.Qc3 Bh6 27.Bf2 Bh3 28.Bf1 Be6 29.Qa1 Bg7
30.Qa7 Qe7 31.b5 cxb5 32.Bxb5 Rd8 33.Qa1 Qf8 34.Bf1 Ra8 35.Qb2 Ra2 36.Qb6 Bf6
37.g3 Be7 38.Rc1 Qa8 39.Rb1 Rxf2 40.Kxf2 Bxc5+ 41.Qxc5 Qa2+ 42.Be2 Qxb1 43.Qxe5 Qb6+
44.Kg2 Qe3 45.Qb5 Bd7 46.Qxd7 Qxe2+ 47.Kg1 b5 48.Qe8+ Kg7 49.Qe5+ Kh7 50.f4 Qd1+
51.Kf2 Qd2+ 52.Kg1 b4 53.f5 Qc3 54.fxg6+ fxg6 55.Qe7+ Kg8 56.Qe8+ Kh7  1/2-1/2

[Event "Pan-American Continental"]
[Site "Boca Raton USA"]
[Date "2008.11.03"]
[Round "2"]
[White "Bhat,V"]
[Black "Arenas,D"]
[Result "0-1"]
[WhiteElo "2498"]
[BlackElo "2323"]

1.d4 Nf6 2.c4 g6 3.Nc3 Bg7 4.e4 d6 5.Nf3 O-O 6.Be2 e5 7.O-O Nbd7 8.Be3 Re8
9.d5 Nh5 10.g3 Bf8 11.Ne1 Ng7 12.Nd3 f5 13.f3 Be7 14.b4 Bg5 15.Bf2 h5 16.Kg2 Nf6
17.h3 Qd7 18.Rh1 Rf8 19.c5 Bh6 20.Qb3 Qe7 21.Qc4 Bd7 22.b5 Nh7 23.c6 bxc6
24.bxc6 Bc8 25.Rab1 Ng5 26.Rb7 Qf7 27.a4 fxe4 28.fxe4 Nf3 29.Rxc7 Nh4+ 30.gxh4 Qxc7
31.a5 Qxa5 32.Nb5 Ba6 33.Nb4 Bxb5 34.Qxb5 Qxb5 35.Bxb5 Rab8 36.c7 Rxb5 37.Nc6 Rb2
38.Rf1 Rc2 39.Kg1 Rcxf2 40.Rxf2 Be3 41.Nd8 Bxf2+ 42.Kg2 Bb6 43.c8=Q Rxd8
44.Qb7 Bc5 45.Qc7 Rf8 46.Kg3 Kh7 47.Qb7 Rf4 48.Qb1 Rf2 49.Qb7 Ra2 50.Qb1 Ra3+
51.Kg2 a5  0-1

[Event "FSIMB November"]
[Site "Budapest HUN"]
[Date "2008.11.03"]
[Round "3"]
[White "Henriksson,J"]
[Black "Kahn,E"]
[Result "1-0"]
[WhiteElo "2250"]
[BlackElo "2297"]

1.d4 Nf6 2.c4 g6 3.Nc3 Bg7 4.e4 O-O 5.Nf3 d6 6.Be2 e5 7.dxe5 dxe5 8.O-O Qxd1
9.Rxd1 c6 10.h3 Na6 11.Be3 Nh5 12.c5 Nf4 13.Bxa6 bxa6 14.Rd6 Rb8 15.b3 f5
16.Rxc6 fxe4 17.Ng5 Rb4 18.Rd6 Bh6 19.Ngxe4 Bf5 20.Nf6+ Kg7 21.Nfd5 Nxd5
22.Bxh6+ Kxh6 23.Nxd5 Rd4 24.Ne3 Rxd6 25.cxd6 Rc8 26.Nc4 e4 27.Re1 Rc6 28.Ne5 Rc2
29.d7  1-0

[Event "21st Belgrade Trophy"]
[Site "Obrenovac SRB"]
[Date "2008.11.04"]
[Round "8"]
[White "Stavrianakis,I"]
[Black "Popovic,Mila2"]
[Result "1-0"]
[WhiteElo "2192"]
[BlackElo "1976"]

1.d4 g6 2.Nf3 d6 3.c4 Bg7 4.Nc3 Nf6 5.e4 O-O 6.Be2 e5 7.d5 Na6 8.Bg5 Qe8
9.Nd2 Kh8 10.O-O Ng8 11.a3 c5 12.dxc6 bxc6 13.b4 h6 14.Be3 f5 15.f3 f4 16.Bf2 Nc7
17.Nb3 Rf6 18.c5 Bf8 19.cxd6 Rxd6 20.Qc2 g5 21.Rfd1 Rg6 22.Nd2 h5 23.Nc4 Nh6
24.Nxe5 Rg7 25.Nc4 Rg6 26.e5 Bf5 27.Bd3 Bxd3 28.Qxd3 g4 29.Nd6 Qe6 30.Nce4 gxf3
31.Qxf3 Bg7 32.Qxh5 Bxe5 33.Nf7+ Qxf7 34.Qxe5+ Kg8 35.Bd4 Kh7 36.Nf6+ Kh8
37.Ne8+ Rg7 38.Qxg7+ Qxg7 39.Bxg7+ Kh7 40.Nxc7  1-0

[Event "21st Belgrade Trophy"]
[Site "Obrenovac SRB"]
[Date "2008.11.04"]
[Round "8"]
[White "Maksimovic,Br"]
[Black "Antic,De"]
[Result "1/2-1/2"]
[WhiteElo "2418"]
[BlackElo "2489"]

1.d4 Nf6 2.c4 g6 3.Nc3 Bg7 4.Nf3 d6 5.e4 O-O 6.Be2 Na6 7.O-O e5 8.Be3 Ng4
9.Bg5 f6 10.Bc1 Nh6 11.Re1 Nf7 12.Bf1 Bg4 13.d5 f5 14.h3 Bh5 15.Be2 Qf6 16.Qc2 Nc5
17.Be3 h6 18.Bxc5 dxc5 19.exf5 Bxf3 20.Bxf3 gxf5 21.g4 Qh4 22.gxf5  1/2-1/2

[Event "IM"]
[Site "Petah Tiqwa ISR"]
[Date "2008.11.05"]
[Round "9"]
[White "Kudischewitsch,D"]
[Black "Bitansky,I"]
[Result "1/2-1/2"]
[WhiteElo "2343"]
[BlackElo "2439"]

1.d4 Nf6 2.c4 g6 3.Nc3 Bg7 4.e4 O-O 5.Nf3 d6 6.Be2 e5 7.dxe5 dxe5 8.Qxd8 Rxd8
9.Nd5 Nxd5 10.cxd5 c6 11.Bc4 b5 12.Bb3 Bb7 13.Bg5 Rd7 14.O-O-O cxd5 15.Bxd5 Bxd5
16.Rxd5 Rxd5 17.exd5 Nd7 18.Kb1  1/2-1/2

[Event "Pan-American Continental"]
[Site "Boca Raton USA"]
[Date "2008.11.07"]
[Round "9"]
[White "Sarkar,J"]
[Black "Melekhina,A"]
[Result "1-0"]
[WhiteElo "2451"]
[BlackElo "2299"]

1.d4 Nf6 2.c4 g6 3.Nc3 Bg7 4.e4 d6 5.Be2 O-O 6.Nf3 e5 7.Be3 Nc6 8.d5 Ne7
9.Nd2 Nd7 10.b4 f5 11.f3 a5 12.a3 Nf6 13.c5 fxe4 14.fxe4 axb4 15.axb4 Rxa1
16.Qxa1 Ng4 17.Bxg4 Bxg4 18.Rf1 Nc8 19.Rxf8+ Bxf8 20.h3 Bh6 21.Bxh6 Qh4+
22.Kf1 Qxh6 23.Qe1 Bxh3 24.gxh3 Qxh3+ 25.Ke2 Qxc3 26.Qh4 Qxb4 27.Qd8+ Kf7
28.Qxc7+ Kf6 29.Qxc8 Qb5+ 30.Kd1 Qxc5 31.Qh8+ Kg5 32.Qxh7 b5 33.Ke2 Kf6 34.Qh8+ Kf7
35.Qh7+ Kf6 36.Qh8+ Kf7 37.Nf3 Qc2+ 38.Ke3 Qc5+ 39.Ke2 Qc2+ 40.Kf1 Qc1+ 41.Kf2 b4
42.Qd8 Qc5+ 43.Kg3 Kg7 44.Qb8 g5 45.Kg4 Qc1 46.Qb7+ Kf6 47.Kg3 Qf4+ 48.Kg2 g4
49.Ne1 Qxe4+ 50.Kf1 g3 51.Qc6 Qf4+ 52.Ke2 Qf2+ 53.Kd1 Qd4+ 54.Ke2 Qc5 55.Nd3 Qxc6
56.dxc6 Ke7 57.Nxb4 d5 58.Nxd5+ Kd6 59.c7 Kd7 60.Kf3 e4+ 61.Kxg3 e3 62.Kf3 e2
63.Kf2 Kc8 64.Ke1 Kd7 65.Kxe2 Kc8 66.Kd3 Kd7 67.Kd4 Kc8 68.Kc5 Kd7 69.Kb6 Kc8
70.Nc3 Kd7 71.Kb7  1-0

[Event "Russia Cup Final w"]
[Site "Serpuhov RUS"]
[Date "2008.11.07"]
[Round "2.1"]
[White "Turova,I"]
[Black "Girya,O"]
[Result "1/2-1/2"]
[WhiteElo "2381"]
[BlackElo "2332"]

1.d4 Nf6 2.c4 g6 3.Nc3 Bg7 4.e4 d6 5.Nf3 O-O 6.Be2 e5 7.O-O Na6 8.Be3 Ng4
9.Bg5 Qe8 10.h3 h6 11.Bh4 Nf6 12.Bxf6 Bxf6 13.c5 exd4 14.Nd5 Qd8 15.Bxa6 bxa6
16.cxd6 Qxd6 17.Nxf6+ Qxf6 18.Qxd4 Qxd4 19.Nxd4 Rb8 20.b3 Rb4 21.Rfd1 c5
22.Nc6 Rxe4 23.Rac1 Re2 24.Rxc5 Bf5 25.Ra5 Bc2 26.Rc1 Bd3 27.Nxa7 Rfe8 28.Rc8 Rxc8
29.Nxc8 Kg7 30.Nd6 Rb2 31.Ne8+ Kf8 32.Nc7 Bb1 33.Nxa6 Bxa2 34.Nc5  1/2-1/2

[Event "USCL KO 2008"]
[Site "ICC INT"]
[Date "2008.11.10"]
[Round "1"]
[White "Bayaraa,Z"]
[Black "Naroditsky,D"]
[Result "1-0"]
[WhiteElo "2203"]
[BlackElo "2382"]

1.d4 Nf6 2.Nf3 g6 3.c4 Bg7 4.Nc3 O-O 5.e4 d6 6.Be2 Na6 7.O-O e5 8.Be3 c6
9.d5 Ng4 10.Bg5 f6 11.Bh4 c5 12.Ne1 h5 13.h3 Nh6 14.a3 g5 15.Bg3 g4 16.hxg4 Nxg4
17.Nf3 Bh6 18.Nh4 Bg5 19.Nf5 Bxf5 20.exf5 Nh6 21.Bd3 h4 22.f4 exf4 23.Bxf4 Qe7
24.Ne4 Nxf5 25.Qh5 Qg7 26.Rae1 Rad8 27.Nxf6+ Bxf6 28.Bxf5 Nc7 29.Bh6 Qh8
30.Re4 Bg7 31.Rg4 Rf7 32.Be6  1-0